Railway accident; (Record no. 71849)

MARC details
000 -LEADER
fixed length control field 00895cam a22002411 4500
001 - CONTROL NUMBER
control field sa 67000245
003 - CONTROL NUMBER IDENTIFIER
control field DLC
005 - DATE AND TIME OF LATEST TRANSACTION
control field 20260227112313.0
008 - FIXED-LENGTH DATA ELEMENTS--GENERAL INFORMATION
fixed length control field 861104s1965 ii 000 0 eng
010 ## - LIBRARY OF CONGRESS CONTROL NUMBER
LC control number sa 67000245
025 ## - OVERSEAS ACQUISITION NUMBER
Overseas acquisition number PL480:I-E-6504
035 ## - SYSTEM CONTROL NUMBER
System control number (OCoLC)14631096
040 ## - CATALOGING SOURCE
Original cataloging agency DLC
Transcribing agency WaU
Modifying agency DLC
042 ## - AUTHENTICATION CODE
Authentication code premarc
050 00 - LIBRARY OF CONGRESS CALL NUMBER
Classification number HE1783.I4
Item number A473
110 1# - MAIN ENTRY--CORPORATE NAME
Corporate name or jurisdiction name as entry element India (Republic).
Subordinate unit Railway Inspectorate.
245 10 - TITLE STATEMENT
Title Railway accident;
Remainder of title report on derailment of no. 4 NM down passenger between Bamhnibanjar and Mandla Fort stations (South Eastern Railway) on 12th December 1961.
260 ## - PUBLICATION, DISTRIBUTION, ETC.
Place of publication, distribution, etc. Delhi,
Name of publisher, distributor, etc. Manager of Publications,
Date of publication, distribution, etc. 1965.
300 ## - PHYSICAL DESCRIPTION
Extent 11 p.
Dimensions 33 cm.
500 ## - GENERAL NOTE
General note Cover title.
650 #0 - SUBJECT ADDED ENTRY--TOPICAL TERM
Topical term or geographic name entry element Railroad accidents
Geographic subdivision India
Form subdivision Case studies.
740 0# - ADDED ENTRY--UNCONTROLLED RELATED/ANALYTICAL TITLE
Uncontrolled related/analytical title Report on derailment of no. 4 NM down passenger between Bamhnibanjar and Mandla Fort stations (South Eastern Railway)

No items available.

Powered by Koha